Представление документа в формате RUSMARC

ПолеНазваниеЗначение
  Тип записи a
  Библиографический уровень m
001 Контрольный номер RU/ГПНТБ России/IBIS/К63.3(2Рос-6Хан)/Е 80-670140266
005 Дата корректировки 20230110143101.6
010 Индекс ISBN __
a ISBN 978-5-6042174-4-3
9 Тираж 100 экз.
d Цена 50-00
100 Данные общей обработки __
a Данные общей обработки 20220519d2018 km y0rusy028902 ca
101 Язык документа 0_
a Язык текста rus
102 Страна публикации __
a Страна публикации RU
105 Кодированные данные (монография) __
a Кодированные данные (монография) aca z 000yd
181 Поле кодированных данных: вид содержания _0
a Код вида содержания (ISBD) i
182 Поле кодированных данных: тип средства _0
a Код типа средства (ISBD) n
200 Заглавие и сведения об ответственности 1_
a Заглавие Очеловеченное пространство: образы и люди Югры
e Сведения, относящиеся к заглавию монография
f Первые сведения об ответственности М. Ф. Ершов
g Последующие сведения об ответственности Департамент образования и молодежной политики Ханты-Мансийского автономного округа - Югры, Обско-угорский институт прикладных исследований и разработок
203 Вид содержания и тип средства __
a Вид содержания Текст
c Тип средства непосредственный
210 Выходные данные 1_
a Место издания Ханты-Мансийск
c Издательство Печатный мир г. Ханты-Мансийск
d Дата издания 2018
215 Физическое описание __
a Объем 113 с.
c Иллюстрации/тип воспроизводства цв. ил., портр., табл.
d Формат 21 см
320 Библиография __
a Библиография Библиография: с. 102-113
330 Аннотация __
a Аннотация Монография посвящена социокультурной эволюции образов очеловеченного пространства. Анализу подвергнуты генезис и последующее развитие образов Югры. Рассмотрены специфические черты персонифицированных и пространственных образов, закономерности их эволюции, возникновение новых образов "поверх" старых. Реконструкция судеб исторических лиц и их образов послужит основой для дальнейших исследований, может быть использована в проектной работе по брендингу территорий. Монография адресована культурологам, искусствоведам, специалистам по урбанистике, учителям истории и мировой художественной культуры, всем, кому интересны и небезразличны судьбы Югры, Сибири, России.
600 Персоналии _1
a Персоналии (Фамилия) Федоров
b Персоналии (Имя) Т.
g Полное имя Тугарин
2 Код системы nlr_sh
600 Персоналии _1
a Персоналии (Фамилия) Носилов
b Персоналии (Имя) К. Д.
g Полное имя Константин Дмитриевич
f Даты 1858-1923
2 Код системы nlr_sh
600 Персоналии _1
a Персоналии (Фамилия) Рознин
b Персоналии (Имя) Я. М.
g Полное имя Яков Матвеевич
f Даты 1896-1934
2 Код системы nlr_sh
606 Тематические рубрики __
a Основная рубрика История
2 Код системы nlr_sh
606 Тематические рубрики __
2 Код системы nlr_sh
a Основная рубрика История России в целом
610 Ключевые слова 1_
a Ключевые слова пространственные образы
610 Ключевые слова 1_
a Ключевые слова исторические лица
610 Ключевые слова 1_
a Ключевые слова аборигены
610 Ключевые слова 1_
a Ключевые слова эволюция образов
610 Ключевые слова 0_
a Ключевые слова социокультурная эволюция
610 Ключевые слова 0_
a Ключевые слова ханты
610 Ключевые слова 0_
a Ключевые слова манси
610 Ключевые слова 0_
a Ключевые слова тема ханты
610 Ключевые слова 0_
a Ключевые слова тема манси
610 Ключевые слова 0_
a Ключевые слова краеведение
610 Ключевые слова 0_
a Ключевые слова история края
610 Ключевые слова 0_
a Ключевые слова коренное население
610 Ключевые слова 0_
a Ключевые слова образы
610 Ключевые слова 0_
a Ключевые слова югорские образы
686 Индексы других классификаций __
2 Код системы rubbks
a Классификационный индекс К63.3(2Рос-6Хан)
700 Автор _1
a Фамилия Ершов
b Имя М. Ф.
g Полное личное имя Михаил Федорович
f Даты 1962-
4 Код отношения 070
712 Наименование организации (Вторичная ответственность) 01
a Организация/ юрисдикция Ханты-Мансийский автономный округ - Югра
b Другие уровни Департамент образования и молодежной политики
712 Наименование организации (Вторичная ответственность) 02
a Организация/ юрисдикция Обско-угорский институт прикладных исследований и разработок
c Место постоянной организации Ханты-Мансийск
801 Источник записи _0
b Организация ГПНТБ России
a Страна RU
c Дата составления 20220519
g Правила каталогизации PSBO
801 Источник записи _1
b Организация ГПНТБ России
a Страна RU
c Дата составления 20220519
g Правила каталогизации PSBO
852 Данные о местонахождении 5_
j Шифр хранения К63.3(2Рос-6Хан)
i Авторский знак Е 80
900 Макрообъекты __
a Макрообъекты Очеловеченное пространство. Образы и люди Югры, 2018
901 Тип документа __
a Ответственный КиК/Котельникова
t Тип документа m
903 Характеристики (МАРС) __
a Дата передачи 20220615
c Наименование библиотеки (МАРС) Муниципальное бюджетное учреждение культуры "Централизованная библиотечная система" г. Сургут (Центральная городская библиотека им. А. С. Пушкина)
969 Тип издания __
a Тип издания научное издание
990 Данные о заказе (DOS) __
j Количество экземпляров (DOS) 2
t N записи в КСУ для И/У (DOS) 202206